| 000 | 00482nam a22001817a 4500 | ||
|---|---|---|---|
| 003 | NUST - PNEC | ||
| 005 | 20170116180953.0 | ||
| 008 | 150909b xxu||||| |||| 00| 0 eng d | ||
| 020 | _a007125255X | ||
| 040 | _cLIBRARY | ||
| 082 | _a621.38 LEE | ||
| 100 |
_99233 _aLee, William C. Y. |
||
| 245 |
_aWireless and cellular telecommunications _cWilliam C. Y. Lee |
||
| 250 | _a3rd ed. | ||
| 260 | _cc 2006 | ||
| 650 |
_95098 _aWireless communication systems _xEL |
||
| 942 |
_2ddc _cBK |
||
| 999 |
_c66485 _d66485 |
||